Jurnal halal (Record no. 23066)

MARC details
000 -LEADER
fixed length control field 00647nam a2200241#a 4500
001 - CONTROL NUMBER
control field 01500
003 - CONTROL NUMBER IDENTIFIER
control field HDC
007 - PHYSICAL DESCRIPTION FIXED FIELD--GENERAL INFORMATION
fixed length control field ta
008 - FIXED-LENGTH DATA ELEMENTS--GENERAL INFORMATION
fixed length control field 230623s2008 xx 000 0 eng d
020 ## - INTERNATIONAL STANDARD BOOK NUMBER
International Standard Book Number 13944428 (pbk.).
040 ## - CATALOGING SOURCE
Original cataloging agency HDC
050 ## - LIBRARY OF CONGRESS CALL NUMBER
Classification number jrn JH BP184.9
Item number .J87 2008
245 #0 - TITLE STATEMENT
Title Jurnal halal
264 ## - PRODUCTION, PUBLICATION, DISTRIBUTION, MANUFACTURE, AND COPYRIGHT NOTICE
Place of production, publication, distribution, manufacture Cyberjaya :
Name of producer, publisher, distributor, manufacturer Jabatan Kemajuan Islam Malaysia,
Date of production, publication, distribution, manufacture, or copyright notice 2008-
300 ## - PHYSICAL DESCRIPTION
Extent viii,135p. :
Other physical details ill. ;
Dimensions 22cm
650 ## - SUBJECT ADDED ENTRY--TOPICAL TERM
Topical term or geographic name entry element Food technology
Form subdivision Periodicals
650 ## - SUBJECT ADDED ENTRY--TOPICAL TERM
Topical term or geographic name entry element Food
General subdivision Religion aspects
Form subdivision Islam
-- Periodicals
700 ## - ADDED ENTRY--PERSONAL NAME
Personal name Jabatan Kemajuan Islam Malaysia
942 ## - ADDED ENTRY ELEMENTS (KOHA)
Source of classification or shelving scheme Library of Congress Classification
942 ## - ADDED ENTRY ELEMENTS (KOHA)
Koha item type Book
942 ## - ADDED ENTRY ELEMENTS (KOHA)
Call number prefix jrn JH BP184.9
942 ## - ADDED ENTRY ELEMENTS (KOHA)
Call number suffix .J87 2008
Holdings
Withdrawn status Lost status Source of classification or shelving scheme Damaged status Not for loan Collection Home library Current library Shelving location Date acquired Total checkouts Full call number Date last seen Price effective from Koha item type
    Library of Congress Classification     Non-fiction Halal Development Corporation Library Halal Development Corporation Library Reference 17/11/2020   jrn JH BP184.9 .J87 2008 24/05/2023 24/05/2023 Book
Halal Development Corporation Berhad (HDC)
5.02 Level 5, KPMG Tower, First Avenue, Persiaran Bandar Utama, 47800 Petaling Jaya, Selangor Darul Ehsan
Phone: +603 7965 5489 Email: [email protected]